Southville International School and Colleges
Your cart is empty.
  • Cart
  • Lists
    Public lists Eva Luna New books Lux_list list_1
    Your lists Log in to create your own lists
  • Log in to your account
  • Your cookies
  • Search history
Southville International School and Colleges
  • Advanced search
  • Recent comments
  • Most popular
  • Libraries

Log in to your account

Log in with GOOGLE


If you do not have an external account, but do have a local account, you can still log in:

  1. Home
  2. MARC view: My side of the mountain /
Normal view MARC view ISBD view

My side of the mountain / (Record no. 288068)

[ view plain ]
MARC details
000 -LEADER
fixed length control field 00578nam a2200169Ia 4500
008 - FIXED-LENGTH DATA ELEMENTS--GENERAL INFORMATION
fixed length control field 150610s9999 xx 000 0 und d
020 ## - INTERNATIONAL STANDARD BOOK NUMBER
International Standard Book Number 0 142401110
050 ## - LIBRARY OF CONGRESS CALL NUMBER
Classification number PZ7
Item number .G2933 M9 2004  
100 ## - MAIN ENTRY--PERSONAL NAME
Personal name George, Jean Craighead, 1919-2012.
245 ## - TITLE STATEMENT
Title My side of the mountain /
Statement of responsibility, etc written and illustrated by Jean Craighead George.
260 ## - PUBLICATION, DISTRIBUTION, ETC. (IMPRINT)
Place of publication, distribution, etc New York :
Name of publisher, distributor, etc Puffin Books,
Date of publication, distribution, etc 2004.
300 ## - PHYSICAL DESCRIPTION
Extent 177pages :
Other physical details illustrations ;
Dimensions 18 cm.
504 ## - BIBLIOGRAPHY, ETC. NOTE
Bibliography, etc "A Newbery Honor Book"--Cover.
520 ## - SUMMARY, ETC.
Summary, etc Fiction.
650 ## - SUBJECT ADDED ENTRY--TOPICAL TERM
Topical term or geographic name as entry element Mountain life 
General subdivision Fiction.
650 ## - SUBJECT ADDED ENTRY--TOPICAL TERM
Topical term or geographic name as entry element Self-reliance
General subdivision Fiction.
Holdings
Withdrawn status Lost status Damaged status Home library Current library Shelving location Date acquired Total Checkouts Full call number Barcode Date last seen Price effective from Koha item type
      Stonyhurst Southville International School (Batangas) Stonyhurst Southville International School (Batangas) High School Section 06/10/2015   PZ7.G2933 M9 2004   US-1830 06/10/2015 06/10/2015 Books

My side of the mountain /

APA

George J. C. 1., . (2004). My side of the mountain. New York: Puffin Books.

Chicago

George Jean Craighead 1919-2012, . 2004. My side of the mountain. New York: Puffin Books.

Harvard

George J. C. 1., . (2004). My side of the mountain. New York: Puffin Books.

MLA

George Jean Craighead 1919-2012, . My side of the mountain. New York: Puffin Books. 2004.

  • Place hold
  • Print
  • Cite
  • Add to your cart (remove)
  • Save record
    BIBTEX Dublin Core MARCXML MARC (non-Unicode/MARC-8) MARC (Unicode/UTF-8) MARC (Unicode/UTF-8, Standard) MODS (XML) RIS
  • More searches
    Search for this title in:
    Other Libraries (WorldCat) Other Databases (Google Scholar) Online Stores (Bookfinder.com) Open Library (openlibrary.org)

Exporting to Dublin Core...

SOUTHVILLE LIBRARY

Southville International School and Colleges Library

1281 Tropical Ave. Cor. Luxembourg St., BF Homes International, Las Pinas City

Tel. No. 8256374 / 252358 Loc. 117/146

Powered by Koha